Guess the German speaking country flag - Statistics

General Stats
  • This quiz has been taken 32 times
  • The average score is 6 of 6
Answer Stats
Picture Answer % Correct
Austria
100%
Belgium
100%
Germany
100%
Switzerland
92%
Liechtenstein
85%
Luxembourg
85%
No matching quizzes found
Score Distribution
Percent of People with Each Score
Percentile by Number Answered
Your Score History
You have not taken this quiz